Concise dictionary of materials science : (Record no. 61087)
[ view plain ]
| 000 -LEADER | |
|---|---|
| fixed length control field | 01360cam a22003134a 4500 |
| 001 - CONTROL NUMBER | |
| control field | 12786926 |
| 003 - CONTROL NUMBER IDENTIFIER | |
| control field | NUST-PNEC |
| 005 - DATE AND TIME OF LATEST TRANSACTION | |
| control field | 20170116180714.0 |
| 008 - FIXED-LENGTH DATA ELEMENTS--GENERAL INFORMATION | |
| fixed length control field | 020523s2003 flua bd 000 0 eng |
| 010 ## - LIBRARY OF CONGRESS CONTROL NUMBER | |
| LC control number | 2002073330 |
| 020 ## - INTERNATIONAL STANDARD BOOK NUMBER | |
| International Standard Book Number | 0849309700 |
| 040 ## - CATALOGING SOURCE | |
| Transcribing agency | PNEC |
| 042 ## - AUTHENTICATION CODE | |
| Authentication code | pcc |
| 050 00 - LIBRARY OF CONGRESS CALL NUMBER | |
| Classification number | TA418.9.C7 |
| Item number | N67 2003 |
| 082 00 - DEWEY DECIMAL CLASSIFICATION NUMBER | |
| Classification number | 620.4403 NOV |
| 100 1# - MAIN ENTRY--PERSONAL NAME | |
| Personal name | Novikov, Vladimir |
| 9 (RLIN) | 645 |
| 245 10 - TITLE STATEMENT | |
| Title | Concise dictionary of materials science : |
| Remainder of title | structure and characterization of polycrystalline materials / |
| Statement of responsibility, etc. | Vladimir Novikov. |
| 246 30 - VARYING FORM OF TITLE | |
| Title proper/short title | Materials science |
| 260 ## - PUBLICATION, DISTRIBUTION, ETC. | |
| Place of publication, distribution, etc. | Boca Raton : |
| Name of publisher, distributor, etc. | CRC Press, |
| Date of publication, distribution, etc. | c2003. |
| 300 ## - PHYSICAL DESCRIPTION | |
| Extent | 272 p. : |
| Other physical details | ill. ; |
| Dimensions | 24 cm. |
| 500 ## - GENERAL NOTE | |
| General note | http://www.amazon.com/Concise-Dictionary-Materials-Science-Characterization/dp/0849309700/ref=sr_1_1?s=books&ie=UTF8&qid=1413441777&sr=1-1&keywords=0849309700 |
| 504 ## - BIBLIOGRAPHY, ETC. NOTE | |
| Bibliography, etc. note | Includes bibliographical references (p. 271-272). |
| 650 #0 - SUBJECT ADDED ENTRY--TOPICAL TERM | |
| Topical term or geographic name entry element | Crystals |
| Form subdivision | Dictionaries. |
| General subdivision | General |
| 650 #0 - SUBJECT ADDED ENTRY--TOPICAL TERM | |
| Topical term or geographic name entry element | Materials science |
| Form subdivision | Dictionaries. |
| 856 42 - ELECTRONIC LOCATION AND ACCESS | |
| Materials specified | Publisher description |
| Uniform Resource Identifier | <a href="http://www.loc.gov/catdir/enhancements/fy0646/2002073330-d.html">http://www.loc.gov/catdir/enhancements/fy0646/2002073330-d.html</a> |
| 906 ## - LOCAL DATA ELEMENT F, LDF (RLIN) | |
| a | 7 |
| b | cbc |
| c | orignew |
| d | 1 |
| e | ocip |
| f | 20 |
| g | y-gencatlg |
| 942 ## - ADDED ENTRY ELEMENTS (KOHA) | |
| Source of classification or shelving scheme | |
| Koha item type | Book |
| Withdrawn status | Lost status | Source of classification or shelving scheme | Damaged status | Not for loan | Permanent Location | Current Location | Shelving location | Date acquired | Source of acquisition | Cost, normal purchase price | Total Checkouts | Full call number | Barcode | Date last seen | Cost, replacement price | Price effective from | Koha item type |
|---|---|---|---|---|---|---|---|---|---|---|---|---|---|---|---|---|---|
| Pakistan Navy Engineering College (PNEC) | Pakistan Navy Engineering College (PNEC) | Reference | 03/31/2005 | Royal Book Company | 10517.00 | 620.4403 NOV | LIB-027147 | 10/16/2014 | 10517.00 | 03/31/2005 | Book |
